Szczegóły MARC21

Estudio comparativo entre la picaresca latinoamericana, especialmente mexicana, con la picaresca española /

003 -Nazwa inst., której nr kontr. jest w polu 001 [,]
    • @
    • Nazwa instytucji, której n kontrolny jest w polu 001
    • NUKAT
005 -DATA I CZAS OSTATNIEJ MODYFIKACJI [,]
    • @
    • pole kontrolne
    • 20241231114005.0
020 -Międzynarod. znormalizowany nr książki - ISBN [ , ]
    • a
    • Numer ISBN
    • 9788490502891 Find
040 -Instytucja sporządzająca opis [ , ]
    • a
    • Instytucja, która sporządziła opis (NP)
    • KAT U/DL
    • c
    • Instytucja, która sporządziła rekord (NP)
    • KAT U/DL
    • d
    • Instytucja, która zmodyfikowała rekord (P)
    • KAT U/DLs
    • d
    • Instytucja, która zmodyfikowała rekord (P)
    • Ł U/RRs
    • d
    • Instytucja, która zmodyfikowała rekord (P)
    • GD U/MJ
    • d
    • Instytucja, która zmodyfikowała rekord (P)
    • KAT U/DL
942 -Rodzaj dokumentu [ , ]
    • c
    • Rodzaj dokumentu
    • Książka
100 -Hasło główne - nazwa osobowa [1, ]
    • a
    • Nazwa osobowa (NP)
    • Pitel García, Carlos
    • d
    • Daty biograficzne (NP)
    • (1967- ).
    • 9
    • KHW
    • 89046
245 -Strefa tytułu i oznaczenia odpowiedzialności [1,0]
    • a
    • Tytuł
    • Estudio comparativo entre la picaresca latinoamericana, especialmente mexicana, con la picaresca española / Find
    • c
    • Pozostałe elementy strefy tytułu i oznaczenia odpowiedzialności (NP)
    • Carlos Pitel García.
260 -Strefa adresu wydawniczego [ , ]
    • a
    • Miejsce wydania (P)
    • [El Ejido] :
    • b
    • Nazwa wydawcy (P)
    • Editorial Círculo rojo,
    • c
    • Data wydania (P)
    • 2013.
300 -Strefa opisu fizycznego [ , ]
    • a
    • Określenie formy książki i/lub objętość (NP)
    • 83, [2] s. ;
    • c
    • Format (NP)
    • 22 cm.
336 -Typ zawartości [ , ]
    • a
    • Termin opisujący typ zawartości
    • Tekst
    • b
    • Kod określający zawartość
    • txt
    • 2
    • Źródło (terminu i kodu)
    • rdacontent
337 -Typ mediów [ , ]
    • a
    • Tryb odtwarzania
    • Bez urządzenia pośredniczącego
    • b
    • Kod typu mediów
    • n
    • 2
    • Źródło (terminu i kodu)
    • rdamedia
338 -Typ/rodzaj nośnika [ , ]
    • a
    • Hasło opisujące typ nośnika
    • Wolumin
    • b
    • Kod typu nośnika
    • nc
    • 2
    • Źródło (terminu i kodu)
    • rdacarrier
490 -Strefa serii i książki wielotomowej - forma nie do wyszukiwania [1, ]
    • a
    • Tytuł (P)
    • Círculo Rojo Investigación Find
830 -Hasło dodatkowe serii i opisu książki wielotomowej - tytuł ujednolicony/tytuł [ ,0]
    • a
    • Tytuł ujednolicony/tytuł (NP)
    • Círculo Rojo Investigación
    • 9
    • KHW
    • 89047
500 -Uwaga ogólna [ , ]
    • a
    • Uwaga ogólna (NP)
    • Miejsce wyda. wg: BNE online.
502 -Uwaga dot. dysertacji [ , ]
    • a
    • Uwaga dot. dysertacji
    • Tesis doctoral.
504 -Uwaga dot. bibliogr. załącznikowej [ , ]
    • a
    • Uwaga dot. bibliografii załącznikowej
    • Bibliogr. s. 81-83.
080 -Uniwersalna Klasyfikacja Dziesiętna [ , ]
    • 2
    • Identyfikator wydania tablic
    • UDC-P058
    • 9
    • UKD
    • 23699
    • a
    • Symbol klasyfikacji
    • 821.134.2(091)-3
    • b
    • Dopowiedzenie
    • Literatura hiszpańska (historia). - Powieści, nowele, opowiadania.
    • 4
    • UKD2
    • 7658
    • x
    • Poddział wspólny
    • =134.2
    • c
    • Dopowiedzenie poddz. wspólnego
    • =Język hiszpański.
080 -Uniwersalna Klasyfikacja Dziesiętna [ , ]
    • 2
    • Identyfikator wydania tablic
    • UDC-P058
    • 9
    • UKD
    • 89011
    • a
    • Symbol klasyfikacji
    • 821.134.2/.3(7/8)(091)-3
    • b
    • Dopowiedzenie
    • Literatura Ameryki Łacińskiej w języku hiszpańskim i portugalskim (historia). - Powieści, nowele, opowiadania.
    • 4
    • UKD2
    • 7658
    • x
    • Poddział wspólny
    • =134.2
    • c
    • Dopowiedzenie poddz. wspólnego
    • =Język hiszpański.
650 -Hasło przedmiotowe [ ,7]
    • a
    • Hasło przedmiotowe
    • Literatura latynoamerykańska
    • x
    • Określnik rzeczowy
    • historia i krytyka
    • v
    • Określnik formalny
    • rozprawy akademickie.
    • 2
    • Źródło terminu
    • kaba
    • 9
    • KHW
    • 380523
650 -Hasło przedmiotowe [ ,7]
    • a
    • Hasło przedmiotowe
    • Literatura porównawcza
    • x
    • Określnik rzeczowy
    • hiszpańska i latynoamerykańska
    • v
    • Określnik formalny
    • rozprawy akademickie.
    • 2
    • Źródło terminu
    • kaba
    • 9
    • KHW
    • 380524
650 -Hasło przedmiotowe [ ,7]
    • a
    • Hasło przedmiotowe
    • Literatura porównawcza
    • x
    • Określnik rzeczowy
    • hiszpańska i meksykańska
    • v
    • Określnik formalny
    • rozprawy akademickie.
    • 2
    • Źródło terminu
    • kaba
    • 9
    • KHW
    • 380525
650 -Hasło przedmiotowe [ ,7]
    • a
    • Hasło przedmiotowe
    • Literatura porównawcza
    • x
    • Określnik rzeczowy
    • latynoamerykańska i hiszpańska
    • v
    • Określnik formalny
    • rozprawy akademickie.
    • 2
    • Źródło terminu
    • kaba
    • 9
    • KHW
    • 380526
650 -Hasło przedmiotowe [ ,7]
    • a
    • Hasło przedmiotowe
    • Literatura porównawcza
    • x
    • Określnik rzeczowy
    • meksykańska i hiszpańska
    • v
    • Określnik formalny
    • rozprawy akademickie.
    • 2
    • Źródło terminu
    • kaba
    • 9
    • KHW
    • 380527
980 -Symbol UKD [ , ]
    • a
    • UKD
    • 821.134.2(091)-3:821.134.2/.3(7/8)(091)-3]=134.2
920 -ISBN [ , ]
    • a
    • ISBN
    • 978-84-9050-289-1 Find
Status udost. Sygnatura Numer inwentarzowy Lokalizacja Data inwentaryzacji
-3Hiszp. Literaturoznawstwo 26BC.7389BM2014-07-04
-3Hiszp. Literaturoznawstwo 27BC.8936BM2017-03-02
1HISZP. Literatura 04P.24497BM2014-07-04